000 00713nam a2200205 i 4500
001 43078
003 ES-MaACL
005 20231227153119.0
007 t|
008 030314s1983 sp ||||1| spa d
100 1 _aCastro, Rosalía de,
_d1837-1885
_9147676
245 1 0 _aObras completas /
_cRosalía de Castro ; estudio, cronoloxía e bibliografía por Jesús Alonso Montero.
260 _a[Santiago de Compostela] ;
_a[Pinto :
_bMateu Cromo,
_c1983]
300 _a3 v. ;
_c20 cm.
490 1 _aBiblioteca de autores gallegos
700 1 _aAlonso Montero, Xesús.
_920364
830 0 _aBiblioteca de autores gallegos
_9181013
852 _aES-MaACL
_jL-6425-7
_bR.107282
999 _c43078
_d43078